Pays et Territoire n'ayant pas de contour rouge sur Google Maps - Statistiques

Statistiques générales
  • Ce quiz a été pris 42 fois
  • Le résultat moyen est 23 sur 50
Statistiques - réponses
Continant Cause Pays / Territoire % Correct
Europe / Asie Guerre, conflit territoriale et frontalier Russie
82%
Asie DMZ, Guerre, conflit territoriale et frontalier Inde
76%
Europe Guerre, conflit territoriale et frontalier Ukraine
76%
Asie État non reconnue, conflit territoriale et frontalier Chine
71%
Asie DMZ, Guerre et conflit territoriale Corée du Nord
68%
Asie DMZ, Guerre et conflit territoriale Corée du Sud
68%
Asie Colonisation, guerre, état non reconnue et conflit territoriale Israël
66%
Asie DMZ, guerre, conflit territoriale et frontalier Pakistan
66%
Amérique du Sud Conflit territoriale Argentine
63%
Asie Conflit territoriale Iran
63%
Afrique Guerre, conflit territoriale et terra nullius Soudan
63%
Asie État non reconnue, conflit territoriale et frontalier Taïwan
63%
Asie Conflit frontalier et territoriale Azerbaïdjan
61%
Amérique du Sud Conflit territoriale Chili
61%
Afrique Colonisation, guerre, état non reconnue et conflit territoriale Maroc
61%
Europe Trop d'île ? Grèce
55%
Europe État non reconnues Kosovo
55%
Asie Conflit frontalier Syrie
55%
Asie Conflit frontalier Turquie
55%
Amérique du Sud Conflit territoriale Guyana
53%
Asie Colonisation, guerre, état non reconnue et conflit territoriale Palestine
53%
Afrique Guerre, conflit territoriale et terra nullius Soudan du Sud
53%
Amérique du Sud Conflit territoriale et frontalier Suriname
53%
Asie Conflit frontalier Bhoutan
50%
Afrique Guerre, états non reconnues et conflit frontalier Somalie
47%
Amérique du Sud Conflit territoriale Vénézuela
47%
Asie Conflit territoriale Vietnam
47%
Asie Conflit territoriale Japon
45%
Asie Conflit frontalier Népal
45%
Asie DMZ, état non reconnue, conflit territoriale et frontalier Chypre
42%
Afrique Conflit territoriale et terra nullius Égypte
42%
Asie États non reconnue Géorgie
42%
Europe Conflit territoriale Espagne
39%
Europe État non reconnue Serbie
37%
Amérique du Nord Conflit territoriale Belize
34%
Asie Conflit territoriale Philippines
34%
Afrique Conflit frontalier Éthiopie
32%
Amérique du Nord Conflit territoriale Guatemala
32%
Asie Conflit territoriale Malaisie
29%
Asie Conflit territoriale Kirghizistan
26%
Asie Conflit territoriale Tadjikistan
26%
Asie Conflit territoriale Émirats Arabes Unis
24%
Afrique Anomalie frontalier Malawi
24%
Afrique Anomalie frontalier Tanzanie
24%
Afrique Conflit territoriale Kenya
21%
Afrique Colonisation, guerre, état non reconnue et conflit territoriale Sahara Occidentale
21%
Asie DMZ, état non reconnue, conflit territoriale et frontalier Chypre du Nord
13%
Asie Inexactitudes Macao
13%
Amérique du Nord Inconnue Porto Rico
11%
Europe Inconnue Île de Man
5%
Aucun quiz correspondant
Distribution des résultats
% des personnes avec chaque résultat
Percentile par nombre de réponses
Votre historique - résultats
Vous n’avez pas pris ce quiz